000 00902cam a2200265 a 4500
001 000005536
005 20200929151714.0
008 990701s1998 sp b 001 0 spa
020 _a8437616638
040 _aDO-SdBNP
_cDLC
_dDLC
082 _a920.046
_bP438g
100 1 _aPérez de Guzmán, Fernán,
_d1376-1460.
_93259
245 1 0 _aGeneraciones y semblanzas /
_cFernán Pérez de Guzmán ; edición de José Antonio Barrio Sánchez.
260 _aMadrid :
_bCátedra,
_c1998.
300 _a200 p. ;
_c18 cm.
490 1 _aLetras hispánicas
_v456
504 _aBibliográfia p. 53-54.
651 4 _aEspaña
_xHistoria
_y711-1516
_915648
651 4 _aEspaña
_xBiografías
_98185
650 4 _aNobleza
_zEspaña
_vBIOGRAFÍA
_915649
700 1 _aBarrio Sánchez, José Antonio,
_eed.
_915650
830 0 _aLetras hispánicas ;
_v456
_94208
910 _aCatalogación por copia / LC
910 _aWM
999 _c5335
_d5335